Normal view MARC view

Entry Personal Name

Number of records used in: 1

001 - CONTROL NUMBER

  • control field: 9327

003 - CONTROL NUMBER IDENTIFIER

  • control field: DLC

005 - DATE AND TIME OF LATEST TRANSACTION

  • control field: 20230819115701.0

008 - FIXED-LENGTH DATA ELEMENTS

  • fixed length control field: 990406n| acannaabn |n aaa

010 ## - LIBRARY OF CONGRESS CONTROL NUMBER

  • LC control number: n 99026995

040 ## - CATALOGING SOURCE

  • Original cataloging agency: DLC
  • Language of cataloging: eng
  • Transcribing agency: DLC

100 1# - HEADING--PERSONAL NAME

  • Personal name: Pritchard, Carl L.

670 ## - SOURCE DATA FOUND

  • Source citation: How to build a work breakdown ... c1998:
  • Information found: t.p. (Carl L. Pritchard) p v (Carl Pritchard; principal, Pritchard Mgmt. Asso.; PMP; B.A., Journalism, Ohio S.U.; lives in Frederick, Md.)

670 ## - SOURCE DATA FOUND

  • Source citation: Precedence diagramming, c1999:
  • Information found: t.p. (Carl Pritchard) p. v (principal of Pritchard Management Associates; certified Project Management Professional (PMP); B.A., journalism, Ohio State U.)

Powered by Koha